header

Globalized supply chains and U.S. policy (Record no. 176647)

MARC details
000 -LEADER
fixed length control field 01747nam a2200421 a 4500
082 04 - DEWEY DECIMAL CLASSIFICATION NUMBER
Classification number 338.88
245 00 - TITLE STATEMENT
Title Globalized supply chains and U.S. policy
260 ## - PUBLICATION, DISTRIBUTION, ETC. (IMPRINT)
Place of publication New York :
Name of publisher Nova Science Publishers,
Year of publication c2010.
300 ## - PHYSICAL DESCRIPTION
Number of Pages xv, 82 p. :
Other physical details ill., maps.
490 1# - SERIES STATEMENT
Series statement America in the 21st century : political and economic issues series
Series statement Novinka
505 0# - FORMATTED CONTENTS NOTE
Formatted contents note Globalization, worker insecurity, and policy approaches / Raymond J. Ahearn -- Globalized supply chains and U.S. policy / Dick K. Nanto.
650 #0 - SUBJECT ADDED ENTRY--TOPICAL TERM
Topical Term Business logistics.
Topical Term Marketing
Topical Term Globalization
700 1# - ADDED ENTRY--PERSONAL NAME
Personal name Mensah, Solomon.
856 40 - ELECTRONIC LOCATION AND ACCESS
Uniform Resource Identifier http://site.ebrary.com/lib/rucke/Doc?id=10671411

No items available.

© 2026 Rongo University
Contact us: librarian | system librarian | Rongo university